[Event "Championnat de France - Open A"]
[Site "Pau"]
[Date "2008.08.15"]
[Round "4.70"]
[White "Daspres, Loic"]
[Black "Gras, Delphine"]
[Result "1-0"]
[WhiteElo "2060"]
[BlackElo "1993"]
[PlyCount "89"]

1. e4 c6 2. d4 d5 3. exd5 cxd5 4. c4 Nf6 5. Nc3 Nc6 6. Nf3 Bg4 7. cxd5 Nxd5 8.
Qb3 Bxf3 9. gxf3 Nb6 10. d5 Nd4 11. Qd1 e5 12. dxe6 Bc5 13. Be3 Nxe6 14. Bb5+
Nd7 15. Qd5 Bxe3 16. fxe3 Qh4+ 17. Ke2 O-O-O 18. Ne4 Ndc5 19. Qc4 Kb8 20. Nxc5
Qxc4+ 21. Bxc4 Nxc5 22. Bxf7 Nd3 23. b3 Rhf8 24. Bc4 Ne5 25. f4 Nxc4 26. bxc4
Rf6 27. Rad1 Rxd1 28. Rxd1 Rh6 29. e4 Rxh2+ 30. Kf3 Rxa2 31. e5 Ra6 32. f5 Rc6
33. Rd7 Rc7 34. Rd8+ Rc8 35. Rd7 Rc7 36. Rd5 b6 37. e6 Re7 38. Ke4 Re8 39. Ke5
a5 40. f6 gxf6+ 41. Kxf6 Kc7 42. Kf7 Rxe6 43. Kxe6 Kc6 44. Ke5 h5 45. Kd4 1-0

[Event "Championnat de France - Open A"]
[Site "Pau"]
[Date "2008.08.15"]
[Round "4.71"]
[White "Hirt, Jean"]
[Black "Thon, Gabriel"]
[Result "0-1"]
[WhiteElo "2053"]
[BlackElo "1985"]
[PlyCount "58"]

1. e4 c5 2. Nc3 e6 3. g3 Nc6 4. Bg2 a6 5. a4 Nf6 6. f4 d5 7. e5 Ng8 8. Nf3 Nh6
9. d4 Nf5 10. Ne2 h5 11. c3 cxd4 12. Nexd4 Bc5 13. Nxf5 exf5 14. b4 Ba7 15. Ba3
b5 16. a5 Be6 17. Nd2 Rc8 18. Nb3 g6 19. Bb2 O-O 20. Qe2 Qe7 21. Nc5 Bxc5 22.
bxc5 Qxc5 23. Qd3 b4 24. Ke2 Rfd8 25. Rhc1 b3 26. Qxa6 d4 27. cxd4 Nxd4+ 28.
Bxd4 Qxd4 29. Rxc8 Bxc8 0-1

[Event "Championnat de France - Open A"]
[Site "Pau"]
[Date "2008.08.15"]
[Round "4.72"]
[White "Lamouille, Patrick"]
[Black "Bekhouche, Christophe"]
[Result "1-0"]
[WhiteElo "2052"]
[BlackElo "1973"]
[PlyCount "83"]

1. d4 Nf6 2. c4 c5 3. d5 b5 4. b3 g6 5. Bb2 Bg7 6. Nd2 bxc4 7. bxc4 O-O 8. g3
d6 9. Bg2 Nbd7 10. Nh3 Rb8 11. Bc3 Nb6 12. O-O e6 13. e4 exd5 14. cxd5 Bd7 15.
a4 Qe8 16. a5 Na4 17. Bxf6 Bxf6 18. Rc1 Bb2 19. Rc2 Bb5 20. Nc4 Nc3 21. Qd3
Bxc4 22. Qxc4 Rb4 23. Qa6 Qa4 24. Rd2 Nb5 25. Nf4 Bc3 26. Rdd1 c4 27. Bh3 Be5
28. Bd7 Bxf4 29. gxf4 Rb8 30. e5 Qa3 31. Bxb5 R8xb5 32. Qxa7 dxe5 33. fxe5 c3
34. Qe3 Qxa5 35. e6 Rxd5 36. e7 Rg5+ 37. Kh1 Qc7 38. Rd8+ Kg7 39. e8=N+ Kh6 40.
Nxc7 c2 41. Rd5 f5 42. Ne6 1-0

[Event "Championnat de France - Open A"]
[Site "Pau"]
[Date "2008.08.15"]
[Round "4.73"]
[White "Hurpeau, Jean-Marc"]
[Black "Moullier, Igor"]
[Result "1-0"]
[WhiteElo "1966"]
[BlackElo "2041"]
[PlyCount "67"]

1. d4 Nf6 2. Nf3 e6 3. e3 b6 4. Bd3 Bb7 5. Nbd2 c5 6. O-O Be7 7. Qe2 Nc6 8. c3
cxd4 9. exd4 Qc7 10. Re1 h6 11. Ne5 Nxe5 12. dxe5 Nd5 13. Nb3 d6 14. Bb5+ Kf8
15. c4 Nb4 16. Bf4 a6 17. exd6 Bxd6 18. Bxd6+ Qxd6 19. Rad1 Qf4 20. Bd7 Qg5 21.
g3 h5 22. Nd4 h4 23. a3 Nd5 24. cxd5 Bxd5 25. Bc6 hxg3 26. fxg3 Rd8 27. Bxd5
Rxd5 28. Nf3 Qf5 29. Rxd5 Qxd5 30. Qd2 Qc5+ 31. Kg2 Kg8 32. Rc1 Qf5 33. Rc8+
Kh7 34. Ng5+ 1-0

[Event "Championnat de France - Open A"]
[Site "Pau"]
[Date "2008.08.15"]
[Round "4.74"]
[White "Busson, Benoist"]
[Black "Hodot, Yves"]
[Result "0-1"]
[WhiteElo "2028"]
[BlackElo "1963"]
[PlyCount "64"]

1. f4 g5 2. fxg5 e5 3. d3 d5 4. Nf3 Nc6 5. Nc3 Bg4 6. e4 Nge7 7. Be2 Bg7 8. O-O
d4 9. Nb1 Ng6 10. c3 Qd6 11. a4 O-O-O 12. c4 Nf4 13. Bxf4 exf4 14. Na3 h6 15.
c5 Qe7 16. Qd2 hxg5 17. b4 f5 18. b5 fxe4 19. bxc6 exf3 20. cxb7+ Kb8 21. Bxf3
Bxf3 22. Rxf3 g4 23. Rff1 Qe3+ 24. Qxe3 dxe3 25. Rab1 e2 26. Rxf4 Bd4+ 27. Kh1
Rhf8 28. g3 Rxf4 29. gxf4 Bxc5 30. Nc2 Rxd3 31. Re1 Rd2 32. Na1 Bf2 0-1

[Event "Championnat de France - Open A"]
[Site "Pau"]
[Date "2008.08.15"]
[Round "4.75"]
[White "Peyre, Thomas"]
[Black "Achereiner, Guillaume"]
[Result "1-0"]
[WhiteElo "1922"]
[BlackElo "2025"]
[PlyCount "61"]

1. e4 e6 2. d4 d5 3. Nd2 dxe4 4. Nxe4 Nd7 5. Bd3 Ngf6 6. Qe2 c5 7. Nf3 Qb6 8.
c3 Nxe4 9. Bxe4 Nf6 10. Bd3 cxd4 11. Nxd4 Bd7 12. Be3 Nd5 13. O-O Nxe3 14. fxe3
Be7 15. Rf3 Bf6 16. Raf1 e5 17. Nf5 O-O-O 18. Be4 Be6 19. Ng3 Bg5 20. Bf5 Rd7
21. Bxe6 Qxe6 22. Ne4 Rhd8 23. Nc5 Qxa2 24. Nxd7 Rxd7 25. Re1 g6 26. Rff1 Qe6
27. Rd1 f5 28. Rxd7 Qxd7 29. e4 f4 30. Rd1 Qc6 31. Qg4+ 1-0

[Event "Championnat de France - Open A"]
[Site "Pau"]
[Date "2008.08.15"]
[Round "4.76"]
[White "Durandeau, Jean-Marie"]
[Black "Cartigny, Patrick"]
[Result "1-0"]
[WhiteElo "1956"]
[BlackElo "2020"]
[PlyCount "41"]

1. e4 e6 2. d4 d5 3. Nc3 Bb4 4. e5 c5 5. a3 Ba5 6. b4 cxd4 7. Nb5 Bc7 8. f4 Nc6
9. Nf3 Bd7 10. Bd3 Nge7 11. Bb2 Rc8 12. O-O Bb8 13. Nbxd4 a6 14. Kh1 Nxd4 15.
Nxd4 Nc6 16. Nxc6 Bxc6 17. f5 Qh4 18. Qd2 O-O 19. f6 gxf6 20. Rxf6 Kg7 21. Raf1
1-0

[Event "Championnat de France - Open A"]
[Site "Pau"]
[Date "2008.08.15"]
[Round "4.77"]
[White "Cruz, Manuel"]
[Black "Suez-Panama, Gilles"]
[Result "1-0"]
[WhiteElo "2001"]
[BlackElo "2093"]
[PlyCount "119"]

1. e4 e6 2. d4 d5 3. Bd3 Nf6 4. e5 Nfd7 5. Be3 c5 6. c3 Nc6 7. Ne2 cxd4 8. cxd4
Nb4 9. a3 Nxd3+ 10. Qxd3 Be7 11. O-O O-O 12. Nbc3 Nb6 13. b3 Bd7 14. Rfc1 a6
15. h3 f6 16. f4 Be8 17. Rf1 Bg6 18. Qd2 Rc8 19. g4 fxe5 20. dxe5 Nd7 21. Nd4
Bf7 22. Nxd5 exd5 23. e6 Be8 24. exd7 Qxd7 25. Nf5 Rxf5 26. gxf5 Qxf5 27. Qg2
Rc6 28. Rf3 Bf6 29. Re1 Bc3 30. Rg3 Bf7 31. Rd1 Bf6 32. b4 d4 33. Bxd4 Rc2 34.
Bf2 Qxf4 35. Rxg7+ Bxg7 36. Rd8+ Be8 37. Qd5+ Kf8 38. Bc5+ Rxc5 39. Qxc5+ Kf7
40. Qh5+ Kf6 41. Rxe8 Bh6 42. Re2 Qg3+ 43. Kf1 Be3 44. Qg4 Qxg4 45. hxg4 Bc1
46. a4 Kg5 47. Re4 Bf4 48. Re7 b6 49. Rxh7 Kxg4 50. Ra7 b5 51. Rxa6 bxa4 52.
Rxa4 Kf5 53. Ra8 Ke6 54. Rd8 Bd6 55. b5 Ke7 56. Rc8 Kd7 57. Rc6 Ke6 58. Ke2 Kd5
59. Kd3 Be5 60. Rc8 1-0

[Event "Championnat de France - Open A"]
[Site "Pau"]
[Date "2008.08.15"]
[Round "4.78"]
[White "Kirk, Jason"]
[Black "Beaucoudray, Marc"]
[Result "1/2-1/2"]
[WhiteElo "1979"]
[BlackElo "2010"]
[PlyCount "71"]

1. d4 Nf6 2. c4 g6 3. Nc3 d5 4. cxd5 Nxd5 5. e4 Nxc3 6. bxc3 Bg7 7. Bc4 O-O 8.
Rb1 c5 9. Ne2 Nc6 10. Be3 Qc7 11. Qc2 Na5 12. Bd5 e6 13. Bf4 Qe7 14. Bb3 Nxb3
15. Qxb3 b6 16. O-O Ba6 17. Rfe1 e5 18. dxe5 Bxe5 19. Bxe5 Qxe5 20. Rbd1 Bb7
21. f3 Rad8 22. a4 Ba8 23. c4 f5 24. exf5 Qxf5 25. Ng3 Qf6 26. Qe3 Bc6 27. a5
Rde8 28. Ne4 Qf7 29. axb6 axb6 30. Qd3 Bxe4 31. fxe4 Re5 32. Rf1 Qe7 33. Rxf8+
Kxf8 34. Qf3+ Kg7 35. Re1 Qd7 36. Rf1 1/2-1/2

[Event "Championnat de France - Open A"]
[Site "Pau"]
[Date "2008.08.16"]
[Round "5.1"]
[White "Lambert, Romain"]
[Black "Millon, Valentin"]
[Result "1-0"]
[WhiteElo "1953"]
[BlackElo "1991"]
[PlyCount "49"]

1. d4 Nf6 2. c4 e6 3. Nc3 Bb4 4. Qc2 O-O 5. a3 Bxc3+ 6. Qxc3 Ne4 7. Qc2 f5 8.
e3 b6 9. Bd3 Bb7 10. Nh3 d6 11. O-O Nd7 12. f3 Ng5 13. Nxg5 Qxg5 14. e4 f4 15.
b4 c5 16. bxc5 bxc5 17. Rb1 Rfb8 18. e5 h5 19. Rxb7 Rxb7 20. Be4 Rab8 21. Bxb7
Rxb7 22. Qe4 Rb6 23. exd6 e5 24. dxc5 Nxc5 25. Qd5+ 1-0

[Event "Championnat de France - Open A"]
[Site "Pau"]
[Date "2008.08.16"]
[Round "5.2"]
[White "Buscara, Sevan"]
[Black "Marcantoni, Herve"]
[Result "1-0"]
[WhiteElo "2159"]
[BlackElo "2198"]
[PlyCount "91"]

1. d4 Nf6 2. Nf3 d6 3. Bf4 g6 4. e3 Bg7 5. Be2 O-O 6. O-O c5 7. c3 Qb6 8. Nbd2
Be6 9. Ng5 Bd7 10. Nc4 Qc7 11. h3 h6 12. Nf3 b6 13. Bh2 Bc6 14. a4 Nbd7 15.
Nfd2 e5 16. b4 Ne4 17. Nxe4 Bxe4 18. dxc5 dxc5 19. Qd6 Qxd6 20. Nxd6 Bd5 21.
Rfd1 Bb3 22. Rdb1 Be6 23. e4 Rfd8 24. Nb5 Rdc8 25. Rd1 Bf8 26. a5 cxb4 27. cxb4
Bxb4 28. axb6 axb6 29. Rxa8 Rxa8 30. Nc7 Ra2 31. Bb5 Nf8 32. Bxe5 Bc5 33. Bg3
Bb3 34. Rd8 Ra1+ 35. Kh2 Rd1 36. Nd5 f5 37. Be2 Re1 38. Bf3 fxe4 39. Nf6+ Kf7
40. Nxe4 Be7 41. Rb8 Nd7 42. Rb7 Be6 43. Nc3 Rc1 44. Nd5 Rb1 45. Nxe7 Kxe7 46.
Be4 1-0

[Event "Championnat de France - Open A"]
[Site "Pau"]
[Date "2008.08.16"]
[Round "5.3"]
[White "Derieux, Christian"]
[Black "Iglesias, Joachim"]
[Result "0-1"]
[WhiteElo "2149"]
[BlackElo "2187"]
[PlyCount "92"]

1. d4 Nf6 2. c4 c5 3. d5 e6 4. Nc3 exd5 5. cxd5 d6 6. e4 g6 7. Bd3 Bg7 8. Nge2
O-O 9. h3 Re8 10. O-O a6 11. a4 Nbd7 12. Bg5 h6 13. Be3 Rb8 14. Qd2 h5 15. Bg5
Qc7 16. f4 c4 17. Bc2 b5 18. axb5 axb5 19. e5 dxe5 20. f5 b4 21. Ne4 Nxe4 22.
Bxe4 Nc5 23. Ng3 Nxe4 24. Nxe4 Bxf5 25. d6 Qb6+ 26. Be3 Qc6 27. Nc5 Red8 28.
Ra6 Rb6 29. Rxb6 Qxb6 30. Rd1 c3 31. bxc3 bxc3 32. Qxc3 Rxd6 33. Rf1 Qc6 34.
Qb4 Rd5 35. Rc1 Bf8 36. Qb8 Qd6 37. Qa8 Qd8 38. Qb7 Rd1+ 39. Rxd1 Qxd1+ 40. Kh2
Qe2 41. Qb3 h4 42. Qc3 Bd6 43. Qc1 Kh7 44. Na4 Be4 45. Qd2 Qxd2 46. Bxd2 Bc6
0-1

[Event "Championnat de France - Open A"]
[Site "Pau"]
[Date "2008.08.16"]
[Round "5.4"]
[White "Dionisi, Thomas"]
[Black "Migot, Tanguy"]
[Result "1-0"]
[WhiteElo "2067"]
[BlackElo "2050"]
[PlyCount "75"]

1. e4 c5 2. b3 Nc6 3. Bb2 e6 4. Nf3 a6 5. c4 d6 6. d4 cxd4 7. Nxd4 Nf6 8. Nc3
Qa5 9. Qd2 Bd7 10. Be2 Be7 11. O-O O-O 12. Rad1 Nxd4 13. Qxd4 b5 14. e5 b4 15.
Ne4 Nxe4 16. Qxe4 d5 17. cxd5 Qxa2 18. d6 Bg5 19. Bd4 Qxb3 20. Rd3 Qd5 21. Qg4
Bb5 22. Bf3 Qa2 23. Rdd1 Bxf1 24. Kxf1 Qc4+ 25. Be2 Qc2 26. Qxg5 a5 27. d7 Qc7
28. Qe7 Rfd8 29. Bb5 b3 30. Qc5 Qb8 31. Qb6 f6 32. exf6 Kf7 33. Bc4 Qxb6 34.
Bxb6 b2 35. Bxd8 Rxd8 36. fxg7 Kxg7 37. Bb5 Rb8 38. Rb1 1-0

[Event "Championnat de France - Open A"]
[Site "Pau"]
[Date "2008.08.16"]
[Round "5.5"]
[White "Guezennec, Franck"]
[Black "Lamberti, Hugo"]
[Result "1-0"]
[WhiteElo "2190"]
[BlackElo "2101"]
[PlyCount "57"]

1. e4 c6 2. d4 d5 3. exd5 cxd5 4. c4 Nf6 5. Nc3 e6 6. Nf3 Bb4 7. cxd5 Nxd5 8.
Bd2 O-O 9. Bd3 Nf6 10. O-O Nc6 11. Be3 Re8 12. Rc1 Bd6 13. Bb1 Qa5 14. Bg5 Be7
15. a3 h6 16. Bh4 Nd5 17. Qd3 g6 18. Bxe7 Rxe7 19. b4 Qd8 20. b5 Nb8 21. Ne5
Nd7 22. Nxg6 fxg6 23. Qxg6+ Kf8 24. Nxd5 exd5 25. Rc3 Rg7 26. Rf3+ Kg8 27. Qe6+
Kh8 28. Qxh6+ Kg8 29. Qe6+ 1-0

[Event "Championnat de France - Open A"]
[Site "Pau"]
[Date "2008.08.16"]
[Round "5.6"]
[White "Platel, Alexandre"]
[Black "Frih, Ameur"]
[Result "1-0"]
[WhiteElo "2190"]
[BlackElo "2103"]
[PlyCount "34"]

1. e4 e5 2. Nf3 Nc6 3. d4 exd4 4. Nxd4 Bc5 5. Be3 Qf6 6. c3 Nge7 7. Bc4 O-O 8.
O-O Ne5 9. Be2 d5 10. f4 N5c6 11. e5 Qg6 12. f5 Bxd4 13. fxg6 Bxe3+ 14. Kh1
hxg6 15. Bg4 Bxg4 16. Qxg4 Nxe5 17. Qg3 d4 1-0

[Event "Championnat de France - Open A"]
[Site "Pau"]
[Date "2008.08.16"]
[Round "5.7"]
[White "Zarrouati, Pierre"]
[Black "Veron, Cyprien"]
[Result "1-0"]
[WhiteElo "2188"]
[BlackElo "2098"]
[PlyCount "75"]

1. d4 d5 2. Nf3 Nf6 3. c4 c6 4. e3 e6 5. Be2 Nbd7 6. Nc3 dxc4 7. Bxc4 b5 8. Be2
a6 9. O-O c5 10. a4 b4 11. Nb1 Bb7 12. Nbd2 Be7 13. Nc4 O-O 14. Nfe5 cxd4 15.
exd4 a5 16. Bg5 Nd5 17. Bxe7 Qxe7 18. Bf3 N7b6 19. Re1 Rfc8 20. Rc1 Nxc4 21.
Nxc4 Qd8 22. Qd2 Bc6 23. Bxd5 exd5 24. Ne3 Bxa4 25. Nf5 Rxc1 26. Qxc1 g6 27.
Ne7+ Kg7 28. Qg5 Bb3 29. Nf5+ Kg8 30. Re7 Qf8 31. Nh6+ Kg7 32. Ng4 a4 33. Qe5+
Kg8 34. Nf6+ Kg7 35. Nd7+ Kg8 36. Nxf8 Rxf8 37. Rb7 Rc8 38. Rb8 1-0

[Event "Championnat de France - Open A"]
[Site "Pau"]
[Date "2008.08.16"]
[Round "5.8"]
[White "Lallement, Victor"]
[Black "Marciniak, Alexandre"]
[Result "1/2-1/2"]
[WhiteElo "2097"]
[BlackElo "2186"]
[PlyCount "30"]

1. e4 c5 2. Nf3 Nc6 3. d4 cxd4 4. Nxd4 e5 5. Nb5 d6 6. N1c3 a6 7. Na3 b5 8. Nd5
Nf6 9. Bg5 Be7 10. Bxf6 Bxf6 11. c3 Bg5 12. Nc2 Rb8 13. Bd3 Be6 14. Nce3 O-O
15. O-O g6 1/2-1/2

[Event "Championnat de France - Open A"]
[Site "Pau"]
[Date "2008.08.16"]
[Round "5.9"]
[White "Renaudin, Mathieu"]
[Black "Fejzovski, Ekrem"]
[Result "1/2-1/2"]
[WhiteElo "2146"]
[BlackElo "2093"]
[PlyCount "50"]

1. d4 f5 2. c4 Nf6 3. Nc3 e6 4. g3 d5 5. Bg2 c6 6. Nf3 Be7 7. O-O O-O 8. Ne5
Nbd7 9. cxd5 Nxe5 10. dxe5 Nxd5 11. e4 Nxc3 12. bxc3 Qa5 13. exf5 Qxe5 14. fxe6
Qxe6 15. Re1 Qf6 16. Qb3+ Kh8 17. Be3 Bd6 18. Rac1 a5 19. a4 Qf5 20. Qb6 Qf7
21. Rcd1 Bc7 22. Qc5 Be6 23. Bd4 Rae8 24. Rb1 Ba2 25. Ra1 Bb3 1/2-1/2

[Event "Championnat de France - Open A"]
[Site "Pau"]
[Date "2008.08.16"]
[Round "5.10"]
[White "Manoeuvre, Antoine"]
[Black "Debray, Tristan"]
[Result "1-0"]
[WhiteElo "2095"]
[BlackElo "2145"]
[PlyCount "45"]

1. d4 d5 2. c4 c6 3. Nf3 Nf6 4. Nc3 dxc4 5. a4 Bg4 6. Ne5 Bh5 7. f3 Nfd7 8.
Nxc4 e5 9. e4 Qh4+ 10. g3 Qf6 11. dxe5 Qxf3 12. Nd6+ Bxd6 13. Qxd6 Qxh1 14. Bg5
f6 15. exf6 gxf6 16. Bxf6 Nxf6 17. Qe6+ Kd8 18. Qxf6+ Kd7 19. Qf5+ Ke7 20. Qe5+
Kd7 21. Qxh5 Rf8 22. O-O-O+ Ke7 23. Qe5+ 1-0

[Event "Championnat de France - Open A"]
[Site "Pau"]
[Date "2008.08.16"]
[Round "5.11"]
[White "Jaulin, Marc"]
[Black "Ider, Borya"]
[Result "0-1"]
[WhiteElo "2124"]
[BlackElo "2065"]
[PlyCount "112"]

1. e4 c6 2. d4 d5 3. Nc3 dxe4 4. Nxe4 Nf6 5. Nxf6+ exf6 6. c3 Bd6 7. Bd3 O-O 8.
Ne2 Qc7 9. Qc2 h6 10. Be3 Nd7 11. O-O-O b5 12. Qd2 Re8 13. Ng3 Nf8 14. Nf5 Bxf5
15. Bxf5 Qa5 16. Bb1 b4 17. c4 c5 18. Rhe1 Rac8 19. d5 Qa6 20. Qd3 b3 21. a3 f5
22. Bd2 Ng6 23. Rxe8+ Rxe8 24. Re1 Rxe1+ 25. Bxe1 Bf4+ 26. Kd1 Qa4 27. Qe2 Bd6
28. g3 Ne5 29. Bd3 f4 30. Bc3 Nxd3 31. Qxd3 Qd7 32. Be1 Qg4+ 33. Kc1 Qh3 34.
Qxb3 Qxh2 35. Qd3 fxg3 36. fxg3 Qg1 37. Kd1 a5 38. b3 h5 39. Ke2 Qg2+ 40. Bf2
Qh1 41. b4 axb4 42. axb4 Qg2 43. Qf3 Qxf3+ 44. Kxf3 cxb4 45. c5 Be5 46. Ke4 b3
47. Kd3 Kf8 48. c6 Ke8 49. Bc5 Bxg3 50. d6 h4 51. d7+ Kd8 52. Bb6+ Bc7 53. Bd4
h3 54. Bxg7 Ke7 55. Ke4 h2 56. Kf5 h1=Q 0-1

[Event "Championnat de France - Open A"]
[Site "Pau"]
[Date "2008.08.16"]
[Round "5.12"]
[White "Fievet, Patrick"]
[Black "Le Hetet, Nicolas"]
[Result "1/2-1/2"]
[WhiteElo "2091"]
[BlackElo "2123"]
[PlyCount "39"]

1. e4 c5 2. Nf3 Nc6 3. Bb5 g6 4. Bxc6 dxc6 5. d3 Bg7 6. O-O Nf6 7. h3 Nd7 8.
Nc3 e5 9. Be3 b6 10. Qd2 f6 11. Bh6 Qe7 12. Nh2 O-O 13. Bxg7 Qxg7 14. f4 exf4
15. Qxf4 Rf7 16. Ng4 Nf8 17. Rae1 Bxg4 18. Qxg4 Re8 19. Re2 Ne6 20. Ref2
1/2-1/2

[Event "Championnat de France - Open A"]
[Site "Pau"]
[Date "2008.08.16"]
[Round "5.13"]
[White "Poignot, Quentin"]
[Black "Grandadam, Nicolas"]
[Result "1/2-1/2"]
[WhiteElo "2087"]
[BlackElo "2112"]
[PlyCount "58"]

1. e4 c5 2. Nf3 d6 3. d4 cxd4 4. Nxd4 Nf6 5. Nc3 a6 6. Be2 e6 7. O-O Be7 8. f4
Qc7 9. Be3 Nc6 10. Kh1 O-O 11. Qe1 Nxd4 12. Bxd4 b5 13. a3 Rb8 14. Bd3 Nd7 15.
Qg3 Bf6 16. Bxf6 Nxf6 17. e5 dxe5 18. fxe5 Nd7 19. Rae1 f5 20. exf6 Qxg3 21.
f7+ Rxf7 22. hxg3 Rxf1+ 23. Rxf1 Nc5 24. Be2 b4 25. axb4 Rxb4 26. Rd1 Bd7 27.
b3 Rb6 28. Bc4 Bb5 29. Rd4 Bxc4 1/2-1/2

[Event "Championnat de France - Open A"]
[Site "Pau"]
[Date "2008.08.16"]
[Round "5.14"]
[White "Smith, Matthieu"]
[Black "Beghin, Ronan"]
[Result "1-0"]
[WhiteElo "2064"]
[BlackElo "2110"]
[PlyCount "73"]

1. d4 d5 2. Nf3 Nf6 3. Nbd2 c5 4. e3 Nc6 5. c3 e6 6. Bd3 Bd6 7. dxc5 Bxc5 8.
O-O e5 9. e4 O-O 10. exd5 Qxd5 11. Bc4 Qd6 12. Nb3 Bg4 13. Qxd6 Bxd6 14. Be2
Rad8 15. Re1 Rfe8 16. Bg5 a5 17. h3 Bc8 18. Bb5 Bc7 19. Bxc6 bxc6 20. Rad1 Rxd1
21. Rxd1 Ne4 22. Be3 f5 23. Nc5 Nf6 24. Na4 Nd5 25. Bc5 Ba6 26. b3 Bb5 27. c4
Bxa4 28. cxd5 Bb5 29. d6 Bd8 30. Nd2 Bd3 31. Nc4 e4 32. d7 Re6 33. Bb6 Bxb6 34.
Nxb6 Rd6 35. Rc1 Kf7 36. Rxc6 Rd4 37. Rc8 1-0

[Event "Championnat de France - Open A"]
[Site "Pau"]
[Date "2008.08.16"]
[Round "5.15"]
[White "Chamaillard, Sylvain"]
[Black "Denous, Cyprien"]
[Result "1-0"]
[WhiteElo "2109"]
[BlackElo "2028"]
[PlyCount "57"]

1. e4 Nf6 2. e5 Nd5 3. d4 d6 4. Nf3 dxe5 5. Nxe5 c6 6. Be2 Bf5 7. c3 Nd7 8.
Nxd7 Qxd7 9. O-O e6 10. Nd2 Bd6 11. Re1 Qc7 12. g3 O-O-O 13. Nc4 h5 14. Nxd6+
Qxd6 15. Bxh5 g6 16. Bf3 Rh7 17. h4 g5 18. Bxg5 f6 19. Bd2 Rg8 20. c4 Rxh4 21.
cxd5 Bh3 22. Qe2 cxd5 23. Rac1+ Kb8 24. Bg2 Bg4 25. Qe3 Bh3 26. Bxh3 Rxh3 27.
Qf4 e5 28. dxe5 fxe5 29. Qxe5 1-0

[Event "Championnat de France - Open A"]
[Site "Pau"]
[Date "2008.08.16"]
[Round "5.16"]
[White "Dubocage, Claude"]
[Black "Vuillermoz, Robert"]
[Result "1/2-1/2"]
[WhiteElo "1970"]
[BlackElo "2105"]
[PlyCount "45"]

1. d4 Nf6 2. Nf3 d5 3. g3 e6 4. Bg2 c5 5. O-O Nc6 6. c4 cxd4 7. Nxd4 Qb6 8.
Nxc6 bxc6 9. Nc3 Be7 10. cxd5 cxd5 11. e4 dxe4 12. Nxe4 Nd5 13. a3 O-O 14. b4
Ba6 15. Re1 Rad8 16. Qh5 Nf6 17. Nxf6+ Bxf6 18. Be3 Bd4 19. Bxd4 Rxd4 20. Rac1
Rd2 21. Qc5 Ra2 22. Re3 Rd8 23. Qe7 1/2-1/2

[Event "Championnat de France - Open A"]
[Site "Pau"]
[Date "2008.08.16"]
[Round "5.17"]
[White "Favarel, Antoine"]
[Black "Brethes, Francois"]
[Result "1-0"]
[WhiteElo "2074"]
[BlackElo "2194"]
[PlyCount "73"]

1. e4 e6 2. d3 d5 3. Nd2 Nf6 4. Ngf3 b6 5. Be2 c5 6. O-O Nc6 7. c3 Ba6 8. e5
Nd7 9. d4 Bxe2 10. Qxe2 Rc8 11. Nb3 Be7 12. Bf4 O-O 13. g3 a5 14. a4 Qc7 15. h4
cxd4 16. Nbxd4 Nxd4 17. Nxd4 Qc4 18. Qg4 Qd3 19. Nxe6 fxe6 20. Qxe6+ Kh8 21.
Qxd7 Bxh4 22. gxh4 Rcd8 23. Qe7 Rde8 24. Qg5 Rf5 25. Qg3 Qe4 26. Bg5 h6 27.
Rae1 Qc2 28. Bc1 Re6 29. Re3 Kh7 30. Qg2 Rfxe5 31. Rg3 Re7 32. Be3 g6 33. Bd4
Re1 34. Qxd5 Rxf1+ 35. Kxf1 Qc1+ 36. Kg2 Qf4 37. Qa8 1-0

[Event "Championnat de France - Open A"]
[Site "Pau"]
[Date "2008.08.16"]
[Round "5.18"]
[White "Rodier, David"]
[Black "Dargagnon, Remi"]
[Result "0-1"]
[WhiteElo "2162"]
[BlackElo "2079"]
[PlyCount "134"]

1. d4 c5 2. d5 Nf6 3. c4 b5 4. cxb5 a6 5. b6 d6 6. Nc3 Qxb6 7. e4 a5 8. Bb5+
Bd7 9. Be2 g6 10. f4 Qb4 11. a3 Qd4 12. Qc2 c4 13. Nf3 Qc5 14. Nd1 Bg7 15. Be3
Qc8 16. Rc1 O-O 17. O-O Na6 18. Bxc4 Nc5 19. Nf2 Nfxe4 20. Nxe4 Nxe4 21. Qxe4
Bf5 22. Qxe7 Re8 23. Qxd6 Rxe3 24. Ne5 Qe8 25. Rfe1 Bf8 26. Qc6 Qxc6 27. dxc6
Bc5 28. Bxf7+ Kg7 29. Kf1 Rxe1+ 30. Rxe1 Rb8 31. b3 Rd8 32. g4 Rd2 33. Re2 Rd1+
34. Kg2 Rg1+ 35. Kh3 Bc8 36. Be8 Ba6 37. Nc4 a4 38. b4 Bxc4 39. Rd2 Bf1+ 40.
Kh4 Be7+ 41. g5 h6 42. Rd7 hxg5+ 43. fxg5 Kf8 44. Rxe7 Kxe7 45. c7 Ba6 46. Bxg6
Kd7 47. c8=Q+ Kxc8 48. Be8 Be2 49. Bxa4 Rg4+ 50. Kh3 Rxg5 51. Bb3 Kc7 52. a4
Rg4 53. b5 Kb6 54. Bc2 Rc4 55. Bg6 Rxa4 56. Bf5 Bxb5 57. Kg3 Kc7 58. h4 Be2 59.
Bc2 Rb4 60. Bf5 Kd6 61. Bc2 Bh5 62. Bh7 Ke5 63. Kf2 Kf4 64. Bg8 Rb2+ 65. Kf1
Ke3 66. Be6 Bf3 67. Kg1 Rg2+ 0-1

[Event "Championnat de France - Open A"]
[Site "Pau"]
[Date "2008.08.16"]
[Round "5.19"]
[White "Baudson, Charles"]
[Black "Garro, Pierre"]
[Result "1/2-1/2"]
[WhiteElo "2041"]
[BlackElo "2140"]
[PlyCount "64"]

1. e4 e6 2. d4 d5 3. exd5 exd5 4. Bd3 Bd6 5. Nf3 Nf6 6. O-O O-O 7. c3 Bg4 8.
Bg5 Nbd7 9. Nbd2 Bh5 10. Bh4 Bg6 11. Bc2 c6 12. Bg3 Qc7 13. Bxg6 hxg6 14. Re1
Bxg3 15. hxg3 Rfe8 16. Qb3 Rxe1+ 17. Rxe1 Re8 18. Rxe8+ Nxe8 19. Ne1 Nd6 20.
Nd3 Nf6 21. Nc5 Nd7 22. Nd3 Qb6 23. Qxb6 Nxb6 24. Nc5 Nbc4 25. Nxc4 Nxc4 26.
Nxb7 Nxb2 27. Na5 Na4 28. Nxc6 Nxc3 29. Nxa7 Nxa2 30. Nc8 Nc1 31. Ne7+ Kf8 32.
Nxd5 Nb3 1/2-1/2

[Event "Championnat de France - Open A"]
[Site "Pau"]
[Date "2008.08.16"]
[Round "5.20"]
[White "Jeanjean, Dominique"]
[Black "Brongers, Henk"]
[Result "0-1"]
[WhiteElo "2140"]
[BlackElo "2070"]
[PlyCount "154"]

1. e4 c6 2. d4 d5 3. exd5 cxd5 4. c4 Nf6 5. Nc3 Nc6 6. Nf3 Bg4 7. cxd5 Nxd5 8.
Qb3 Bxf3 9. gxf3 e6 10. Qxb7 Nxd4 11. Bb5+ Nxb5 12. Qc6+ Ke7 13. Qxb5 Qd7 14.
Qe2 f6 15. Bd2 Kf7 16. Rd1 Bd6 17. Qd3 Bc7 18. Kf1 Rad8 19. Be3 Nxe3+ 20. Qxe3
Qc6 21. Rxd8 Rxd8 22. Kg2 Bb6 23. Qe2 Qc5 24. Re1 Qg5+ 25. Kh1 Qf5 26. Ne4 Qd5
27. b4 h6 28. a4 Qe5 29. Kg2 Rd4 30. Rb1 Bc7 31. Ng3 Qd6 32. Qb5 Rd2 33. Qh5+
Kf8 34. Ne4 Rd5 35. Qh3 Qe5 36. Rc1 f5 37. Nc5 Bb6 38. f4 Qe2 39. Qe3 Qxe3 40.
fxe3 Ke7 41. Kf3 Bxc5 42. bxc5 Kd7 43. Rg1 Kc6 44. Rxg7 a5 45. Re7 Kxc5 46.
Rxe6 Kb4 47. Re5 Rd2 48. h4 Rh2 49. Kg3 Re2 50. h5 Kxa4 51. Kf3 Rh2 52. Rxf5
Kb4 53. Rd5 Rh3+ 54. Kf2 a4 55. e4 a3 56. Kg2 Re3 57. e5 a2 58. Rd1 Ra3 59. Ra1
Kc5 60. Kf2 Kd5 61. Ke2 Ke6 62. Kd2 Rh3 63. Kc2 Rxh5 64. Kb3 Rh2 65. Kc3 h5 66.
Kd4 h4 67. Ke4 h3 68. f5+ Kf7 69. Rc1 Rc2 70. Rxc2 a1=Q 71. Rc7+ Ke8 72. f6 h2
73. Rc8+ Kd7 74. Rh8 h1=Q+ 75. Rxh1 Qxh1+ 76. Kf5 Qh5+ 77. Kf4 Ke6 0-1

[Event "Championnat de France - Open A"]
[Site "Pau"]
[Date "2008.08.16"]
[Round "5.21"]
[White "Lewis, John"]
[Black "Iwanesko, Alexandre"]
[Result "1/2-1/2"]
[WhiteElo "2134"]
[BlackElo "2062"]
[PlyCount "51"]

1. d4 Nf6 2. Nf3 g6 3. c4 Bg7 4. Nc3 d6 5. e4 O-O 6. g3 Nbd7 7. Bg2 e5 8. O-O
a6 9. Re1 Re8 10. h3 exd4 11. Nxd4 Rb8 12. Be3 c5 13. Nc2 Ne5 14. Na3 Nc6 15.
Qd3 Nd4 16. Nc2 Nxc2 17. Qxc2 b5 18. Rad1 b4 19. Nd5 Nxd5 20. Rxd5 Be6 21. Rd2
Qb6 22. Red1 b3 23. axb3 Qxb3 24. Qxb3 Rxb3 25. Rxd6 Bxc4 26. Bxc5 1/2-1/2